| 000 | 00663na a2200229 4500 | ||
|---|---|---|---|
| 001 | 13716 | ||
| 003 | MIRAKIL | ||
| 005 | 20181213155049.0 | ||
| 008 | 160918b tu 000 0 | ||
| 035 | _a13716 | ||
| 040 |
_aMilas _btur _cTR-AnCHP |
||
| 082 |
_a016.301 _bK61t |
||
| 090 | _aDAN 016.301 K61t 1998 | ||
| 100 | _aKoç, Canan | ||
| 245 |
_aTürkiye çalışma yaşamı kaynakçası _c[Hazırlayan] Canan Koç ; Yıldırım Koç |
||
| 260 |
_aAnkara _bTürkiye Işçi Sendikaları Konfederasyonu _c1998 |
||
| 300 |
_a259 s. _c30 sm. |
||
| 500 | _aKaynakça var. | ||
| 650 | _aÇalışma hayatı | ||
| 700 | _aKoç, Yıldırım | ||
| 942 |
_2ddc _cBKS |
||
| 999 |
_c5876 _d5876 |
||